000 00400nam a2200169Ia 4500
008 240510s9999 xx 000 0 und d
041 _aEng
082 _a519.68/12
082 _bNS
245 0 _aNEC system 430 : general description :DAZ21E-2
260 _bTokyo:NEC
260 _c1986
300 _a568 p.
650 _aNEC system 430 :ACOS operating system
942 _2ddc
942 _cLBK
999 _c23868
_d23868
945 _a1
_bMadushi Gamage
_c1
_dMadushi Gamage